000 00835nam a22002897a 4500
003 CHAP
005 20220329135535.0
008 971013s1965 r 00010 d
010 _a38218
011 _a39190
035 _a43310
040 _cCHAP
082 _a547
_bP3
100 0 0 _aPavlov, B.
_986291
245 _aOrganic chemistry
260 _aNew York :
_bGordon and Breach,
_c1965
300 _a568 p.
_b: ilus.
590 _aBATCH-UPD
_b10
_c20130110
_lUCH01
_h2052
590 _aBATCH-UPD
_b10
_c20130410
_lUCH01
_h1406
590 _aBATCH-UPD
_b10
_c20130914
_lUCH01
_h1950
590 _aCONVERSION
_b10
_c20130109
_lUCH01
_h1321
650 1 4 _aQuímica orgánica.
_993598
700 0 _aTerentyev, A.
_9112351
901 _aBK
942 _cLIBRO
949 _a547 P3
_bBC
_cLIBRO
_d33724000666582
_eLIBRO
_h29687
_i43310
_si
_t195.00
999 _c38218
_d38218